| 000 | 00750nam a22002177a 4500 | ||
|---|---|---|---|
| 001 | 76455 | ||
| 003 | BD-RjUL | ||
| 005 | 20211209082839.0 | ||
| 008 | 191208s2018 bg ||||| |||| 00| 0 ben d | ||
| 020 | _a9789849346630 | ||
| 035 | _a(BD-RjUL) 76676 | ||
| 040 |
_aBD-RjUL _beng _cBD-RjUL |
||
| 041 | _aeng | ||
| 082 |
_223 _a891.443 _bCHA 2018 |
||
| 245 |
_aছায়াতলে গড়েছি বসতি / _cসম্পাদনা রাশেদা খালেক |
||
| 260 |
_aঢাকা : _bবিশ্বসাহিত্য ভবন, _c২০১৮ |
||
| 300 |
_a৯৬ পৃ. ; _c২২ সেমি. |
||
| 650 |
_aShort stories, Bengali _9236096 |
||
| 700 |
_aখালেক, রাশেদা _9236118 |
||
| 942 |
_2ddc _cBK |
||
| 999 |
_c76455 _d76455 |
||